00637 2200169 4500245004700000020002200047250001100069100002200080650002100102005001900123260003100142041001400173084001200187300002900199500023000228336000900458 aThe Real MuslimahcArif Rahman LubishText a978-979-017-348-4 aCet. 1 aArif Rahman Lubis aKisah Inspiratif a20240909145302 aJakartabQultumMediac2016 aIndonesia a297.615 aviii, 248 hlm. :c21 cm. aBuku ini hadir untuk berbagi motivasi dan kiat-kiat menjadi muslimah yang sesungguhnya. Meluangkan sedikit saja waktumu untuk membaca buku ini adalah langkah awal yang tepat untuk memastikan masa depanmu agar bersinar terang. atext